[Event "POL-chT U19 2nd League"]
[Site "Iwonicz"]
[Date "2015.08.01"]
[Round "7.23"]
[White "Rogacka, Natalia"]
[Black "Kubicka, Anna"]
[Result "0-1"]
[WhiteElo "1657"]
[BlackElo "2012"]
[PlyCount "120"]
[EventDate "2015.07.25"]
[EventType "team-swiss"]
[EventRounds "11"]
[EventCountry "POL"]
[SourceTitle "EXT 2019"]
[Source "ChessBase"]
[SourceDate "2018.10.10"]
[SourceVersion "1"]
[SourceVersionDate "2018.10.10"]
[SourceQuality "1"]
[WhiteTeam "Wroclaw MUKS MDK Fabryczna U19"]
[BlackTeam "Gliwice Carbo U19"]
[WhiteTeamCountry "POL"]
[BlackTeamCountry "POL"]

1. e4 d6 2. Nc3 e5 3. f4 exf4 4. Nf3 Be7 5. Bc4 Bh4+ 6. Kf1 Nc6 7. d4 Bg4 8. Bb5 a6 9. Bxc6+ bxc6 10. Bxf4 Ne7 11. h3 Bxf3 12. Qxf3 Ng6 13. g3 Nxf4 14. Qxf4 Bg5 15. Qf3 0-0 16. Kg2 Rb8 17. Rab1 Qd7 18. h4 Bd2 19. Rhf1 Bxc3 20. Qxc3 Rb6 21. b3 c5 22. d5 Rb4 23. Qe3 a5 24. c3 Rbb8 25. c4 a4 26. Rfe1 axb3 27. axb3 Rbe8 28. Qd3 Re5 29. Rb2 f5 30. Rbe2 f4 31. Rf1 fxg3 32. Rxf8+ Kxf8 33. Qxg3 Qe7 34. Qf4+ Kg8 35. Kf3 g6 36. Rg2 Qg7 37. Rg3 Re8 38. Kg2 Qd4 39. Rf3 Qg7 40. Qg4 Qe7 41. Re3 Qf6 42. Rf3 Qe5 43. Qf4 Qxf4 44. Rxf4 Kg7 45. Kg3 Rf8 46. Rxf8 Kxf8 47. Kf4 Kf7 48. e5 dxe5+ 49. Kxe5 Ke7 50. Kf4 Kf6 51. Kg4 h6 52. Kf4 g5+ 53. hxg5+ hxg5+ 54. Ke4 g4 55. Kf4 g3 56. Kxg3 Ke5 57. Kf3 Kd4 58. Ke2 Kc3 59. Ke3 Kxb3 60. Kd3 Kb4 0-1

[Event "POL-ch U18 Girls"]
[Site "Karpacz"]
[Date "2015.??.??"]
[Round "3"]
[White "Rogacka, Natalia"]
[Black "Rudnik, Anna"]
[Result "0-1"]
[WhiteElo "1649"]
[BlackElo "1762"]
[PlyCount "72"]
[EventDate "2015.03.??"]
[EventType "swiss"]
[EventRounds "9"]
[EventCountry "POL"]
[SourceTitle "EXT 2017"]
[Source "ChessBase"]
[SourceDate "2016.10.25"]
[SourceVersion "1"]
[SourceVersionDate "2016.10.25"]
[SourceQuality "1"]

1. e4 e5 2. Nc3 Nf6 3. f4 d5 4. fxe5 Nxe4 5. Nf3 Be7 6. d4 Nxc3 7. bxc3 f6 8. Bf4 0-0 9. Bd3 c5 10. 0-0 c4 11. Be2 Nc6 12. Qe1 Bf5 13. Qg3 Kh8 14. exf6 Bxf6 15. Bc7 Qe7 16. Rae1 Qe3+ 17. Kh1 Qxc3 18. Qd6 Be4 19. Ng5 Nxd4 20. Bh5 Qxc2 21. Nxe4 dxe4 22. Rxf6 Rxf6 23. Qxd4 Qd3 24. Qg1 Raf8 25. Be2 Qc2 26. h3 Rf2 27. Bg4 Qd3 28. Kh2 c3 29. Bg3 Rxa2 30. Qc5 Rd8 31. Bh4 Ra8 32. Bf5 Re8 33. Bxe4 Qd2 34. Bxb7 Rb8 35. Bf3 Qf4+ 36. Bg3 Qxf3 0-1

[Event "POL-chT U19 2nd League"]
[Site "Szczyrk"]
[Date "2014.07.28"]
[Round "6.29"]
[White "Momot, Weronika"]
[Black "Rogacka, Natalia"]
[Result "1/2-1/2"]
[WhiteElo "1479"]
[BlackElo "1509"]
[PlyCount "68"]
[EventDate "2014.07.25"]
[EventType "team-swiss"]
[EventRounds "11"]
[EventCountry "POL"]
[SourceTitle "EXT 2015"]
[Source "ChessBase"]
[SourceDate "2014.11.20"]
[SourceVersion "1"]
[SourceVersionDate "2014.11.20"]
[SourceQuality "1"]
[WhiteTeam "Konin UKS Smecz U19"]
[BlackTeam "Wroclaw MUKS MDK Fabryczna U19"]
[WhiteTeamCountry "POL"]
[BlackTeamCountry "POL"]

1. c4 Nf6 2. g3 g6 3. Bg2 Bg7 4. Nf3 d6 5. Nc3 e5 6. 0-0 0-0 7. d4 Nc6 8. dxe5 Nxe5 9. Nxe5 dxe5 10. Bg5 Qxd1 11. Raxd1 c6 12. b3 Bf5 13. Rd2 h6 14. Be3 a6 15. Rfd1 Rac8 16. Bc5 Rfe8 17. Na4 Bf8 18. Bxf8 Rxf8 19. Nb6 Rce8 20. Rd6 Kg7 21. c5 Re6 22. Nc4 Re7 23. Rd8 Rxd8 24. Rxd8 Nd7 25. Nd6 Nxc5 26. Ne8+ Kh7 27. Nf6+ Kg7 28. Ne8+ Kh7 29. Nf6+ Kg7 30. Ne8+ Kh7 31. Nf6+ Kg7 32. Ne8+ Kh7 33. Nf6+ Kg7 34. Ne8+ Kh7 1/2-1/2

[Event "POL-chT U19 2nd League"]
[Site "Szczyrk"]
[Date "2014.07.26"]
[Round "2.59"]
[White "Rogacka, Natalia"]
[Black "Karykowska, Anna"]
[Result "0-1"]
[WhiteElo "1509"]
[BlackElo "1528"]
[PlyCount "73"]
[EventDate "2014.07.25"]
[EventType "team-swiss"]
[EventRounds "11"]
[EventCountry "POL"]
[SourceTitle "EXT 2015"]
[Source "ChessBase"]
[SourceDate "2014.11.20"]
[SourceVersion "1"]
[SourceVersionDate "2014.11.20"]
[SourceQuality "1"]
[WhiteTeam "Wroclaw MUKS MDK Fabryczna U19"]
[BlackTeam "Legnica Miedz U19"]
[WhiteTeamCountry "POL"]
[BlackTeamCountry "POL"]

1. e4 c5 2. Nf3 Nc6 3. d4 cxd4 4. Nxd4 Nf6 5. Nc3 e5 6. Ndb5 d6 7. Bg5 a6 8. Na3 b5 9. Nd5 Be7 10. Bxf6 Bxf6 11. c3 0-0 12. Nc2 Rb8 13. Nce3 Bg5 14. b3 a5 15. a4 bxa4 16. Rxa4 Be6 17. Bc4 Kh8 18. h4 Bxe3 19. Nxe3 Bxc4 20. Rxc4 Ne7 21. h5 h6 22. g4 f6 23. 0-0 Qb6 24. b4 axb4 25. cxb4 Rfc8 26. Rxc8+ Rxc8 27. Qd2 Rb8 28. Rb1 Qc6 29. f3 Qb6 30. Kg2 Rc8 31. Qd3 Rd8 32. b5 Ra8 33. Nc4 Qc5 34. Nxd6 Ra2+ 35. Kh3 Qf2 36. Rh1 Qg2+ 37. Kh4 0-1

[Event "POL-ch U16 Girls"]
[Site "Szczyrk"]
[Date "2013.??.??"]
[Round "1"]
[White "Rogacka, Natalia"]
[Black "Kopica, Paulina"]
[Result "0-1"]
[WhiteElo "1484"]
[BlackElo "1706"]
[PlyCount "88"]
[EventDate "2013.03.17"]
[EventType "swiss"]
[EventRounds "9"]
[EventCountry "POL"]
[SourceTitle "CBM 153 Extra"]
[Source "ChessBase"]
[SourceDate "2013.04.22"]
[SourceVersion "1"]
[SourceVersionDate "2013.04.22"]
[SourceQuality "1"]

1. e4 e6 2. d4 d5 3. Nc3 Bb4 4. e5 c5 5. a3 Bxc3+ 6. bxc3 Ne7 7. Qg4 0-0 8. Bd3 f5 9. exf6 Rxf6 10. Qh5 g6 11. Qh4 Rf7 12. Nf3 c4 13. Be2 Nbc6 14. 0-0 Qa5 15. Bd2 Nf5 16. Qh3 Nd6 17. Ng5 Re7 18. Rfd1 e5 19. Bg4 Nf5 20. Nf3 h5 21. Bxf5 Bxf5 22. Qg3 Rae8 23. Rdc1 Kh8 24. dxe5 Nxe5 25. Nxe5 Rxe5 26. Re1 Rxe1+ 27. Rxe1 Qb5 28. Rxe8+ Qxe8 29. Qe3 Qxe3 30. Bxe3 a6 31. Bd4+ Kg8 32. f4 Bxc2 33. Kf2 Kf7 34. Ke3 Ke6 35. Bb6 Kd6 36. Kd4 Be4 37. g3 Kc6 38. Bd8 Kb5 39. Be7 Ka4 40. Bf6 Kxa3 41. Kc5 a5 42. Kb5 a4 43. Be7+ Kb3 44. Bb4 a3 0-1

[Event "POL-chT U19 2nd League"]
[Site "Borowice"]
[Date "2012.07.24"]
[Round "5"]
[White "Sliwicka, Alicja"]
[Black "Rogacka, Natalia"]
[Result "1/2-1/2"]
[WhiteElo "1714"]
[BlackElo "1485"]
[PlyCount "80"]
[EventDate "2012.07.21"]
[EventType "team-swiss"]
[EventRounds "11"]
[EventCountry "POL"]
[SourceTitle "EXT 2014"]
[Source "ChessBase"]
[SourceDate "2013.11.20"]
[SourceVersion "1"]
[SourceVersionDate "2013.11.20"]
[SourceQuality "1"]
[WhiteTeam "Gniezno LKS Chrobry U19"]
[BlackTeam "Konin UKS Smecz U19"]
[WhiteTeamCountry "POL"]
[BlackTeamCountry "POL"]

1. e4 c5 2. Nf3 d6 3. d4 cxd4 4. Qxd4 Nc6 5. Bb5 Bd7 6. Bxc6 Bxc6 7. Nc3 Nf6 8. Bg5 e5 9. Qd3 h6 10. Bh4 Be7 11. 0-0-0 Ng4 12. Bg3 Qc7 13. Rhe1 0-0-0 14. Kb1 h5 15. h3 Nf6 16. Qe3 b6 17. Bh4 Nh7 18. Bxe7 Qxe7 19. Rd3 Rd7 20. Red1 Rhd8 21. a4 Nf8 22. Nd5 Bxd5 23. Rxd5 Ne6 24. g3 Rc7 25. b3 f6 26. Kb2 Rc5 27. Qd3 Rxd5 28. Qxd5 Nc7 29. Qc6 Qd7 30. Qxd7+ Kxd7 31. c4 Na6 32. Nh4 Nc5 33. f3 Kc7 34. Nf5 Ne6 35. h4 a5 36. Rd2 Kc6 37. Kc3 Nc5 38. Rg2 Ne6 39. Rd2 Nc5 40. Rg2 Ne6 1/2-1/2

[Event "POL-chT U19 3rd League Dolnoslaskie"]
[Site "Karpacz"]
[Date "2012.??.??"]
[Round "5.5"]
[White "Korpalska, Joanna"]
[Black "Rogacka, Natalia"]
[Result "1-0"]
[WhiteElo "1611"]
[BlackElo "1495"]
[PlyCount "106"]
[EventDate "2012.03.30"]
[EventType "team-tourn"]
[EventRounds "6"]
[EventCountry "POL"]
[SourceTitle "EXT 2015"]
[Source "ChessBase"]
[SourceDate "2014.11.20"]
[SourceVersion "1"]
[SourceVersionDate "2014.11.20"]
[SourceQuality "1"]
[WhiteTeam "Wroclaw MUKS MDK Srodmiescie U19 III"]
[BlackTeam "Zarow Goniec U19"]
[WhiteTeamCountry "POL"]
[BlackTeamCountry "POL"]

1. e4 c5 2. Nf3 d6 3. d4 cxd4 4. Nxd4 Nf6 5. Nc3 a6 6. Be3 e5 7. Nf3 Be7 8. Nd5 Nxd5 9. Qxd5 Qc7 10. Ng5 Bxg5 11. Bxg5 Be6 12. Qd2 f6 13. Be3 Nc6 14. Be2 Rd8 15. c4 0-0 16. 0-0 Kh8 17. Rac1 Qf7 18. Bb6 Rd7 19. b3 Qg6 20. Qe3 f5 21. exf5 Bxf5 22. Rcd1 Be4 23. f3 Bf5 24. Bd3 Bxd3 25. Qxd3 Qxd3 26. Rxd3 Nb4 27. Rd2 Rf6 28. Rfd1 Kg8 29. Bc5 Nc6 30. Rxd6 Rdxd6 31. Rxd6 Rxd6 32. Bxd6 Kf7 33. Kf2 Ke6 34. Bc5 Kf5 35. Ke3 Nd8 36. g3 h5 37. b4 g5 38. b5 g4 39. a4 Ne6 40. Bb6 gxf3 41. Kxf3 axb5 42. cxb5 Ng5+ 43. Kg2 Ne4 44. a5 Nd6 45. a6 bxa6 46. bxa6 Nc8 47. Bc5 e4 48. a7 Nxa7 49. Bxa7 Kg4 50. Be3 Kf5 51. Kh3 Kf6 52. Kh4 Kg6 53. Bd2 e3 1-0

[Event "Podlaskie-ch U15 Girls 17th"]
[Site "Suwalki"]
[Date "2011.04.18"]
[Round "6"]
[White "Rogacka, Natalia"]
[Black "Barszcz, Milena"]
[Result "1-0"]
[WhiteElo "1473"]
[BlackElo "1329"]
[PlyCount "45"]
[EventDate "2011.04.14"]
[EventType "swiss"]
[EventRounds "10"]
[EventCountry "POL"]
[SourceTitle "EXT 2012"]
[Source "ChessBase"]
[SourceDate "2011.11.24"]
[SourceVersion "1"]
[SourceVersionDate "2011.11.24"]
[SourceQuality "1"]

1. e4 e5 2. Nf3 Nc6 3. Bb5 a6 4. Ba4 b5 5. Bb3 Bc5 6. c3 h6 7. d4 exd4 8. cxd4 Bb6 9. 0-0 d6 10. h3 Nf6 11. Nc3 0-0 12. Re1 Re8 13. a3 Bb7 14. Bf4 Na5 15. Bc2 d5 16. e5 Nd7 17. Qc1 Re6 18. Bf5 Re8 19. Bxh6 g6 20. Bg5 Qc8 21. Bxd7 Qxd7 22. Bf6 Kh7 23. Qf4 1-0

[Event "POL-ch U14 Girls"]
[Site "Sekocin Stary"]
[Date "2010.05.07"]
[Round "10"]
[White "Gorbacz, Dominika"]
[Black "Rogacka, Natalia"]
[Result "1-0"]
[WhiteElo "1624"]
[BlackElo "1479"]
[PlyCount "163"]
[EventDate "2010.05.01"]
[EventType "swiss"]
[EventRounds "10"]
[EventCountry "POL"]
[SourceTitle "EXT 2011"]
[Source "ChessBase"]
[SourceDate "2010.11.26"]
[SourceVersion "1"]
[SourceVersionDate "2010.11.26"]
[SourceQuality "1"]

1. e4 c5 2. Nf3 d6 3. d4 cxd4 4. Nxd4 Nf6 5. Nc3 a6 6. Bd3 e6 7. Bg5 Be7 8. Qd2 Nbd7 9. 0-0 Qc7 10. Nb3 b5 11. a3 Bb7 12. Rae1 0-0 13. f4 Rac8 14. Qf2 Qb6 15. Qxb6 Nxb6 16. e5 dxe5 17. Rxe5 Rfe8 18. Re2 h6 19. Bh4 Nfd5 20. Nxd5 Bxd5 21. Bxe7 Rxe7 22. Nd2 Rec7 23. b3 Rc3 24. Rfe1 Nd7 25. Rf1 Nf6 26. f5 Re8 27. Rfe1 Kf8 28. fxe6 Bxe6 29. Ne4 Nxe4 30. Bxe4 Rb8 31. Kf2 g6 32. h3 Kg7 33. Rd1 a5 34. Rd4 Rb6 35. Bd3 Rc5 36. Rd8 b4 37. axb4 axb4 38. Rd4 Rc8 39. Ree4 Rcb8 40. Re5 Kf6 41. Rc5 h5 42. Rf4+ Ke7 43. Bc4 R8b7 44. Bxe6 Rxe6 45. Rcc4 Reb6 46. Ke3 Ke6 47. Kd4 Rb5 48. Rc5 R5b6 49. Re5+ Kd6 50. Rf6+ Kc7 51. Rxf7+ Kb8 52. Rxb7+ Kxb7 53. Kc4 Ka6 54. Rc5 Ka7 55. Rb5 Rc6+ 56. Kxb4 Rxc2 57. Rg5 Rc6 58. Kb5 Rb6+ 59. Kc4 Ka6 60. b4 Rc6+ 61. Rc5 Rb6 62. b5+ Ka5 63. Rg5 Ka4 64. Kd4 Kb4 65. Ke4 Kc4 66. Re5 Rf6 67. g4 hxg4 68. hxg4 Rd6 69. Kf4 Kd4 70. Re7 Rb6 71. Kg5 Kd5 72. Rg7 Rxb5 73. Kxg6 Ke6 74. g5 Rb3 75. Ra7 Rg3 76. Ra5 Ke7 77. Kg7 Rf3 78. g6 Rh3 79. Ra7+ Ke6 80. Rf7 Rh4 81. Kg8 Rh5 82. g7 1-0

[Event "POL-ch U14 Girls"]
[Site "Sekocin Stary"]
[Date "2010.05.01"]
[Round "1"]
[White "Szymczak, Paula"]
[Black "Rogacka, Natalia"]
[Result "0-1"]
[WhiteElo "1687"]
[BlackElo "1479"]
[PlyCount "78"]
[EventDate "2010.05.01"]
[EventType "swiss"]
[EventRounds "10"]
[EventCountry "POL"]
[SourceTitle "EXT 2011"]
[Source "ChessBase"]
[SourceDate "2010.11.26"]
[SourceVersion "1"]
[SourceVersionDate "2010.11.26"]
[SourceQuality "1"]

1. e4 c5 2. Nf3 d6 3. d4 cxd4 4. Nxd4 Nf6 5. Nc3 a6 6. Be3 e5 7. Nb3 Be6 8. f3 Be7 9. Nd5 Nbd7 10. Nxe7 Qxe7 11. Qd2 0-0 12. Be2 Rac8 13. 0-0 h6 14. Rac1 d5 15. exd5 Nxd5 16. f4 Nxf4 17. Bxf4 exf4 18. Rxf4 Nc5 19. Qb4 Bxb3 20. Re1 Be6 21. Bf3 Qc7 22. Rh4 Rfd8 23. Bh5 Nd7 24. Qe4 Nf6 25. Qf3 Nxh5 26. Rxh5 Qb6+ 27. Kh1 Qxb2 28. Qg3 Qc3 29. Qh4 Qxc2 30. Qe7 Rd1 31. Rhe5 Rxe1+ 32. Rxe1 Qd2 33. Rg1 Rc1 34. Qh4 Rxg1+ 35. Kxg1 Qxa2 36. Qd8+ Kh7 37. Qd3+ g6 38. Qe4 Qd5 39. Qc2 b5 0-1

[Event "Karpacz op"]
[Site "Karpacz"]
[Date "2010.02.27"]
[Round "8"]
[White "Rogacka, Natalia"]
[Black "Bernaszuk, Krzysztof"]
[Result "1/2-1/2"]
[WhiteElo "1508"]
[BlackElo "1611"]
[PlyCount "108"]
[EventDate "2010.02.21"]
[EventType "swiss"]
[EventRounds "9"]
[EventCountry "POL"]
[SourceTitle "CBM 135 Extra"]
[Source "ChessBase"]
[SourceDate "2010.05.04"]
[SourceVersion "1"]
[SourceVersionDate "2010.05.04"]
[SourceQuality "1"]

1. e4 c5 2. Nf3 Nc6 3. d4 cxd4 4. Nxd4 Nf6 5. Nc3 e5 6. Ndb5 d6 7. Bg5 a6 8. Na3 b5 9. Nd5 Be7 10. Bxf6 Bxf6 11. c3 Bg5 12. Nc2 Ne7 13. Nce3 Bb7 14. Nxe7 Qxe7 15. Nf5 Qd7 16. Nxd6+ Kf8 17. Nxb7 Qxb7 18. Qf3 Rd8 19. Bd3 g6 20. 0-0 Kg7 21. Rad1 Rd7 22. Bc2 Rc7 23. Bb3 a5 24. a3 Rb8 25. g3 Qb6 26. Bd5 Rf8 27. Qe2 Rfc8 28. Rd3 Be7 29. Rfd1 Bc5 30. Qf3 Rf8 31. Ba2 Qc6 32. Rd8 Rxd8 33. Rxd8 Rd7 34. Rxd7 Qxd7 35. Bd5 f6 36. Qe2 b4 37. axb4 axb4 38. cxb4 Bxb4 39. b3 Qe7 40. Qb5 f5 41. Kf1 fxe4 42. Bxe4 Qd6 43. Qd5 Qe7 44. Ke2 Bc5 45. Qb7 Kf6 46. Qxe7+ Kxe7 47. f3 Kd6 48. Kd3 Bg1 49. h3 Kc5 50. g4 Kb4 51. Bd5 h5 52. gxh5 gxh5 53. Bf7 h4 54. Ke4 Bh2 1/2-1/2